Les joueurs du Paris SG (2011-2012) - Statistiques

Statistiques générales
  • Ce quiz a été pris 70 fois
  • Le résultat moyen est 15 sur 29
Statistiques - réponses
Prix (en M€) Joueurs % Correct
42,8 M€ Javier Pastore
94%
3,5 M€ Salvatore Sirigu
89%
0,5 M€ Guillaume Hoarau
77%
5,5 M€ Nene
76%
Formé au club Clément Chantome
73%
6 M€ Zoumana Camara
66%
10 M€ Blaise Matuidi
65%
11 M€ + bonus Kevin Gameiro
63%
10 M€ Thiago Motta
61%
5 M€ Alex
60%
Formé au club Mamadou Sakho
60%
2,5 M€ Christophe Jallet
56%
5 M€ Sylvain Armand
56%
8 M€ Jeremy Menez
55%
Libre Nicolas Douchez
55%
4 M€ Maxwell
53%
2,5 M€ Marcos Ceara
47%
8 M€ Mevlut Erding
44%
4 M€ Peguy Luyindula
42%
Formé au club Alphonse Areola
37%
3,5 M€ Mathieu Bodmer
37%
3,5 M€ Diego Lugano
35%
7 M€ Mohamed Sissoko
35%
Formé au club Jean Christophe Bahebeck
29%
1,5 M€ Siaka Tiéné
29%
Libre Ronan Le Crom
23%
3,5 M€ Milan Bisevac
21%
Formé au club Neeskens Kebano
11%
Formé au club Loris Arnaud
8%
Aucun quiz correspondant
Distribution des résultats
% des personnes avec chaque résultat
Percentile par nombre de réponses
Votre historique - résultats
Vous n’avez pas pris ce quiz